000
00244nam a2200097Ia 4500
008
190216s9999||||xx |||||||||||||| ||und||
100
_a
George Gamow
245
0
_a
Boudhikam-Asthivarangalum Athirugalum
260
_b
Kerala Basha Inst
942
_c
BK
999
_c
40119
_d
40119